Biologie et physiologie animales : Cours et questions de révision (notice n° 2031325)

détails MARC
000 -LEADER
fixed length control field 00916cam a2200169 4500500
005 - DATE AND TIME OF LATEST TRANSACTION
control field 20260329082921.0
041 ## - LANGUAGE CODE
Language code of text/sound track or separate title fre
042 ## - AUTHENTICATION CODE
Authentication code dc
100 10 - MAIN ENTRY--PERSONAL NAME
Personal name Beaumont, André
Relator term author
245 00 - TITLE STATEMENT
Title Biologie et physiologie animales : Cours et questions de révision
260 ## - PUBLICATION, DISTRIBUTION, ETC.
Name of publisher, distributor, etc. Dunod,<br/>
Date of publication, distribution, etc. 2022.<br/>
520 ## - SUMMARY, ETC.
Summary, etc. Ce manuel présente les données de base de la biologie et de la physiologie animales enseignées en Licence. Le cours, illustré de nombreuses figures est complété d'encarts historiques, techniques, éthiques ou économiques. A la fin de chaque chapitre, un résumé permet d'aller à l'essentiel et des questions de révision, de tester ses connaissances.
700 10 - ADDED ENTRY--PERSONAL NAME
Personal name Cassier, Pierre
Relator term author
700 10 - ADDED ENTRY--PERSONAL NAME
Personal name Truchot, Jean-Paul
Relator term author
700 10 - ADDED ENTRY--PERSONAL NAME
Personal name Dauça, Michel
Relator term author
856 41 - ELECTRONIC LOCATION AND ACCESS
Uniform Resource Identifier <a href="https://stm.cairn.info/biologie-et-physiologie-animales--9782100844692?lang=fr&redirect-ssocas=7080">https://stm.cairn.info/biologie-et-physiologie-animales--9782100844692?lang=fr&redirect-ssocas=7080</a>

Pas d'exemplaire disponible.

PLUDOC

PLUDOC est la plateforme unique et centralisée de gestion des bibliothèques physiques et numériques de Guinée administré par le CEDUST. Elle est la plus grande base de données de ressources documentaires pour les Étudiants, Enseignants chercheurs et Chercheurs de Guinée.

Adresse

627 919 101/664 919 101

25 boulevard du commerce
Kaloum, Conakry, Guinée

Réseaux sociaux

Powered by Netsen Group @ 2025